Quan hệ dân tộc xuyên quốc gia ở Việt Nam Nghiên cứu tại vùng miền núi phía Bắc

Khái quát về tình hình nghiên cứu, một số khái niệm và các dân tộc vùng miền núi phía Bắc; thực trạng quan hệ, các yếu tố tác động đến quan hệ dân tộc xuyên quốc gia và tác động của quan hệ dân tộc xuyên quốc gia đến phát triển kin...

Descripción completa

Guardado en:
Detalles Bibliográficos
Autor principal: Lý, Hành Sơn
Otros Autores: Trần, Thị Mai Lan
Formato: Libro
Lenguaje:Undetermined
Publicado: H. Khoa học xã hội 2017
Materias:
Acceso en línea:http://lrc.tdmu.edu.vn/opac/search/detail.asp?aID=2&ID=30461
Etiquetas: Agregar Etiqueta
Sin Etiquetas, Sea el primero en etiquetar este registro!
Thư viện lưu trữ: Trung tâm Học liệu Trường Đại học Thủ Dầu Một
LEADER 01360nam a2200229Ia 4500
001 TDMU_30461
008 210410s9999 xx 000 0 und d
082 |a 342.59704 
090 |b L600 
100 |a Lý, Hành Sơn 
245 0 |a Quan hệ dân tộc xuyên quốc gia ở Việt Nam 
245 0 |b Nghiên cứu tại vùng miền núi phía Bắc 
245 0 |c Lý Hành Sơn, Trần Thị Mai Lan (ch.b.), Lê Thị Hường và [nh.ng. khác] 
260 |a H. 
260 |b Khoa học xã hội 
260 |c 2017 
300 |a 399tr. 
520 |a Khái quát về tình hình nghiên cứu, một số khái niệm và các dân tộc vùng miền núi phía Bắc; thực trạng quan hệ, các yếu tố tác động đến quan hệ dân tộc xuyên quốc gia và tác động của quan hệ dân tộc xuyên quốc gia đến phát triển kinh tế - xã hội và an ninh quốc phòng ở vùng các tộc Nùng, Thái, HMông, Hà Nhì 
650 |a Quan hệ dân tộc  |z Miền núi  |z Miền Bắc  |z Việt Nam 
700 |a Trần, Thị Mai Lan 
856 |u http://lrc.tdmu.edu.vn/opac/search/detail.asp?aID=2&ID=30461 
980 |a Trung tâm Học liệu Trường Đại học Thủ Dầu Một